Statistics for European History by Letter G

Click here to take the quiz!

General Stats

  • This quiz has been taken 501 times
    (495 since last reset)
  • The average score is 11 of 15

Answer Stats

HintAnswer% Correct
Olympics originated from this countryGreece
100%
Secret police forces of Nazi GermanyGestapo
90%
Inventor of the printing pressJohannes Gutenberg
88%
Forced-labour camps in the USSRGulag
87%
Colombus was born in this Italian cityGenova
85%
British overseas territory bordering SpainGibraltar
84%
Part of London from which geographic longitude is measuredGreenwich
82%
Polymath from Pisa who strongly believed in heliocentrismGalileo Galilei
80%
Minister of Propagada of Nazi Germany from 1933 to 1945Joseph Goebbels
78%
Glasnost & perestroika Soviet leaderMikhail Gorbachev
73%
Shakespeare's theatreThe Globe
73%
One of the greatest figures of German literatureJohann Wolfgang von Goethe
54%
Famous Italian general and patriot who contributed to the Italian unificationGaribaldi
48%
First name of the aboveGiuseppe
40%
Highest military rank of the USSR specifically created for Stalin, who however refused it and remained a marshalGeneralissimus
7%

Score Distribution

Percentile by Number Answered

Percent of People with Each Score

Your Score History

You have not taken this quiz since the last reset